European Countries Two Letters Abbreviations - Statistics

General Stats
  • This quiz has been taken 31 times
  • The average score is 42 of 50
Answer Stats
Hint Answer % Correct
Andorra AD
100%
Albania AL
100%
Azerbaijan AZ
100%
Belgium BE
100%
Finland FI
100%
France FR
100%
Hungary HU
100%
Italy IT
100%
Lithuania LT
100%
Luxembourg LU
100%
Malta MT
100%
Russia RU
100%
San Marino SM
100%
Armenia AM
94%
Austria AT
94%
Cyprus CY
94%
Germany DE
94%
Denmark DK
94%
Spain ES
94%
Georgia GE
94%
Greece GR
94%
Liechtenstein LI
94%
Norway NO
94%
Poland PL
94%
Portugal PT
94%
Romania RO
94%
United Kingdom UK
94%
Vatican City VA
94%
Bulgaria BG
88%
Czech Republic CZ
88%
Gibraltar GI
88%
Latvia LV
88%
Turkey TR
88%
Ireland IE
81%
Monaco MC
81%
Moldova MD
81%
Sweden SE
81%
Slovakia SK
81%
Montenegro ME
75%
Netherlands NL
75%
Bosnia & H. BA
69%
Croatia HR
69%
Slovenia SI
69%
Ukraine UA
63%
Switzerland CH
56%
Estonia EE
56%
Iceland IS
56%
Belarus BY
44%
Serbia RS
25%
Kosovo XK
19%
No matching quizzes found
Score Distribution
Percent of People with Each Score
Percentile by Number Answered
Your Score History
You have not taken this quiz